MDQL
is popping MORE tags! Check the
thread
!
Quizzes
Events
Quiz Creation
Community
Videos
Private Events
Remove Ads
Sign In
Join for FREE
Feedback
Dark Mode
Quiz Categories
Sports
Geography
Music
Movies
Television
Just For Fun
Miscellaneous
History
Literature
Language
Science
Gaming
Entertainment
Religion
Holiday
For Kids
Quiz Lab
Recent
Popular Today
Quiz Kudos Today
Editor Picks
Curator Picks
Quizzes by...
Day
Popularity
Type
Ratings
Length
Year
Community
Subscriptions
Recent Discussions
Orange Saloon
Badges
Playlists
Quests
Create
Leaderboards
Showdown
Live 5
Trivia Bingo
Activity
Puzzle Library
Sporcle Events
Private Events
Virtual Trivia
Globe League
Become a Host
Pub Owners
SporcleCon
Opinionation
Our Games
Videos
Blog
Mobile Apps
Partnerships
Remove Ads and Go Orange
Feedback
Music
Pop Music
The Beatles
Song
Album
Lyrics
Bands
Singers
Artist
Clip
Rock
Rap
Classical
Billboard
Country Music
Kpop
Taylor Swift
Music
Pop Music
The Beatles
Song
Album
Lyrics
Bands
Singers
Artist
Clip
Rock
Rap
Classical
Billboard
Country Music
Kpop
Taylor Swift
Random Quiz
Search Sporcle
×
Quiz Lab
Quiz Lab
Music
Song
Type in answers that appear in a list
Type in answers that appear in a list
Classic
Best Score? Go Orange.
Grateful Dead Song Abbreviations Stats
Can you name the grateful dead songs off of the abbreviations?
By
msclecar89
10m
64 Questions
1,305 Plays
1,305 Plays
1,305 Plays
Comments
Comments
Give Quiz Kudos
Give Quiz Kudos
-
- Ratings
hide this ad
Replay
Link that replays current quiz
Next Quiz
Link to next quiz in quiz playlist
You Got
0%
They Got
Avg Score
31%
Avg Friend Score
Upgrade to see
Score Distribution
Jump to the score distribution portion of the page
Score
0/64
Timer
10:00
0
Plays Today
1965-1995
Song Title
% Correct
ATEA
Althea
71.4%
RPLE
Ripple
70.4%
TRKIN
Truckin
69.5%
SUGRY
Sugaree
69.3%
SHKDN
Shakedown Street
64.6%
TOG
Touch Of Grey
63.8%
UJB
Uncle Johns Band
63.1%
USB
U.S. Blues
60.9%
SPCE
Space
58.9%
CRZFGS
Crazy Fingers
56.1%
TRTLE
Terrapin Station
55.9%
IKYR
I Know You Rider
54.2%
NFA
Not Fade Away
52.7%
FOTD
Friend Of The Devil
52.4%
BRTA
Bertha
50.1%
DEEEL
Deal
49%
EOTW
Eyes Of The World
47%
RWJIM
Row Jimmy
45.1%
GDLV
Good Lovin
43.4%
FOTM
Fire on The Mountain
43.1%
TENJ
Tennessee Jed
42.8%
GDTRFB
Going Down The Road Feelin Bad
41.1%
JS
Jack Straw
38.4%
FT
Franklins Tower
37.2%
CCS
China Cat Sunflower
35.2%
SB
Scarlet Begonias
34.8%
C
Cassidy
33.5%
LLR
Looks Like Rain
32%
PITB
Playin In The Band
30%
TMNS
The Music Never Stopped
28.4%
SOTM
Standing On The Moon
28.4%
STGLE
Stagger Lee
28%
1965-1995
Song Title
% Correct
SS
Saint Stephen
26.1%
A
Alligator
24.7%
WIPMM
When I Paint My Masterpiece
23.6%
HOTW
Help On The Way
22.8%
OMSN
One More Saturday Night
22.8%
ROR
Ramble On Rose
22.3%
BEW
Brown Eyed Woman
21.7%
BS
Bird Song
21.3%
LTGTR
Let The Good Times Roll
19.9%
MD
Morning Dew
19.5%
JBG
Johnny B Goode
19.3%
THRWST
Throwin Stones
19.1%
NMB
New Minglewood Blues
16.4%
SM
Sugar Magnolias
16.3%
HIAB
Hell In A Bucket
16.2%
CRAS
Cold Rain and Snow
13.6%
BMAGW
Alabama Getaway
12.5%
INAM
I Need A Miracle
12.2%
AA
Aiko Aiko
11%
SMRDS
So Many Roads
10.4%
BTL
Built To Last
8.1%
BFA
Blues For Allah
7.7%
SAD
Sampson And Delilah
7.7%
PPO
Pretty Peggy O
7.4%
HSIITBLBY
How Sweet It Is To Be Loved By You
7%
DEMI
Dont Ease Me In
6.9%
ESTP
Estinated Prophet
6.6%
SUND
Sunshine Daydreams
6.4%
FLAS
Feels Like A Stranger
5.8%
MHSUT
Mississippi Half Step Uptown Toodleloo
5.1%
IANO
Its All Over Now
4.5%
RAC
Reubin And Cherise
2.8%
Quiz Playlist
Details
Report
Send in Message
Add To Playlist
Classic:
Type in answers that appear in a list
Last Updated: Feb 16, 2017
Quiz Scoreboard
CHALLENGE
Sign Up to Join the Scoreboard
Show All
Scores
Hide
Comments
May contain spoilers
Recently Published
Street Fighter Characters
by Artimus82
Gaming
60s
9x9 Crossword: Cartoon Network
by jackfrog10
Miscellaneous
3m
College Basketball Coaching Resumes
by pancakes188
Sports
9m
More to Explore
Quiz From the Vault
Featured Blog Post
Where Did the Easter Bunny Come From?
hide this ad
You Might Also Like...
Tags
Song Quiz
Abbreviation
death
grateful
Today's Top Quizzes in Music
Browse Music
hide this ad
Today's Top Quizzes in Song
Browse Song
Top Contributed Quizzes in Music
1
Taylor Swift All Songs (2024)
2
Taylor Swift Logic Puzzle
3
Guess the Artist- 70s Songs
4
7-to-1: Billboard Hot 100 #1 Hits of 2010s
5
Sorting Albums and Songs
6
KPOP LOGIC QUIZ
7
Guess the Taylor Swift song (Mystery Song)
8
Guess The Taylor Swift Lyrics Song #1
9
Billboard Blitz: ABBA
10
Billboard Blitz: The Beatles
Explore More
Trending Topics
Kpop
NBA
Crossword
Harry Potter
Anime
Disney
Marvel
Puzzle
NFL
Pokémon
Song
The Office
Soccer
Country
WWE
hide this ad
More By:
msclecar89
Quiz
Plays
Rating
Category
Featured
Created
Grateful Dead Song Abbreviations
1,305
1.80
Music
Apr 1, 2010
Go to Creator's Profile
Score Distribution
Quiz Creator Spotlight
msclecar89
Follow
Send a Message
Quizzes Created
-
Created Quiz Play Count
-
More By This Creator
Popular Quizzes Today
1
Find the US States - No Outlines Minefield
2
Find the Countries of Europe - No Outlines Minefield
3
The Countries of the World
4
Find the US States
5
Risky Map Clicking: Biggest States A-Z
6
US States
7
Popular People in 1961
8
Movies - When Are They Set?
More Music Quizzes
'Moon' clips
Curator's Pick
Trending Quizzes
Risky Map Clicking: Least Populous States A-Z
Countries of the World: 200 Million BC
Billboard Blitz: Aretha Franklin
1-10 Letter G Words
Famous Russians: Author or Composer?
Recently Updated
Leaping Animals
pecheneg
Reality TV Shows (A-Z)
bhenderson79
Rickey Henderson's Hall of Fame Teammates
pecheneg
Champions League XIs: Arsenal
pecheneg
Quick Pick: Celebrities in WWE's Hall of Fame
aduchscher
A-Z Keypad Blitz II
pecheneg
Multiple Oscar Actors
pecheneg
Mystery Phrase Blitz: Oscar 'Best Actors'
pecheneg
F. Scott Fitzgerald Novels
LTH
Pick 3 Villains
ddd62291
Trending Topics
Disney
NBA
Marvel
Kpop
Harry Potter
Anime
Crossword
WWE
NFL
Country
Song
Soccer
Puzzle
Pokémon
The Office
Your Account Isn't Verified!
In order to create a playlist on Sporcle, you need to verify the email address you used during registration. Go to your
Sporcle Settings
to finish the process.
Report this User
Report this user for behavior that violates our
Community Guidelines
.
Details:
Send Report
Go to the Sporcle.com Mobile Site →
Comments